000 00310nam a22001337a 4500
020 _a978-0-7166-2270-3
082 _a001
_bCAR/H
100 _aCARRIGAN, MELLONEE
245 _aHOW DOES IT HAPPEN
260 _aUSA
_bWORLD BOOKS INC
_c2013
300 _a192
650 _aENCYCLOPEDIA SCIENCE
_zINDIA
942 _cBK
999 _c1816
_d1816